000 00933nam a22002177a 4500
005 20150701110115.0
008 150701b xxu||||| |||| 00| 0 spa d
040 _aCO-BoIAVH
_cCO-BoIAVH
041 _aspa
044 _ack
090 _aAR
_b01890
100 1 _aRojas Díaz, Vladimir
_928179
245 1 _aEstudio de los mamíferos pequeños de la Serranía de los Churumbelos/
_cVladimir Rojas & María Fernanda Hernández
260 3 _aBogotá:
_bProAves,
_c2007.
300 _aAño 2007, Nro 3, Agosto, Pag. 65-76.
520 _aLos pequeños mamíferos (incluyendo murciélagos) fueron muestreados en SS1, 2 y 4 mediante el uso de trampas Sherman y Longworth, así como redes de niebla.
650 4 _aMamíferos
_zRegión Andina
_zColombia
_935092
700 1 _aHernández, María Fernanda
_935093
773 0 _dBogotá : Fundación ProAves, 2006-
_o038447
_tRevista Conservación Colombiana
_x19001592
942 _2z
_cARTICULO
999 _c17507
_d17507